Т. 48, вып. 12; Физика и техника полупроводников

Bibliographische Detailangaben
Parent link:Физика и техника полупроводников/ Российская академия наук (РАН), Физико-технический институт им. А. Ф. Иоффе (ФТИ). Т. 48, вып. 12.— , 1968-
Sprache:Russisch
Veröffentlicht: 2014
Format: MixedMaterials Buch
KOHA link:https://koha.lib.tpu.ru/cgi-bin/koha/opac-detail.pl?biblionumber=541436

MARC

LEADER 00000nam2a2200000 4500
001 541436
005 20231101114812.0
035 |a (RuTPU)RU\TPU\prd\231698 
090 |a 541436 
100 |a 20150220a19679999k y0rusy50 ca 
101 0 |a rus 
102 |a RU 
200 0 |a Т. 48, вып. 12 
210 |d 2014 
461 1 |0 (RuTPU)RU\TPU\prd\403  |t Физика и техника полупроводников  |f Российская академия наук (РАН), Физико-технический институт им. А. Ф. Иоффе (ФТИ)  |v Т. 48, вып. 12  |d 1968- 
801 0 |a RU  |b 63413507  |c 20010227  |g PSBO 
801 1 |a RU  |b 63413507  |c 20150220 
801 2 |a RU  |b 63413507  |c 20230623  |g RCR 
942 |c BK 
999 |a НТБ_ТПУ  |b НФ  |e -1/20150112  |p П-7818  |s 3/20140704  |u 0,00  |v 1